000 00380nam a2200157 a 4500
001 3857
005 20140414131903.0
008 050924s19uu xx 00 eng d
050 _aFIC
_bD54 1959
100 _aFranklin W. Dixon
245 4 _aThe house on the cliff.
260 _aNew York :
_bGrosset & Dunlap.
300 _ap. ; cm.
440 _aHardy boys
999 _c110768
_d110768